Testnevelő tanárok megítélése, társas támogatás és egészséges életmód
Elmentve itt :
| Szerző: | |
|---|---|
| Dokumentumtípus: | Könyv része |
| Megjelent: |
Dél-alföldi Ifjúsági Életmód és Szabadidő Alapítvány
Szeged
2014
|
| Sorozat: | László Ferenc Sporttudományi Kutatóműhely
1 Tehetségek a sportban : sportszakmai tanulmány-, és szakcikk gyűjtemény 1 |
| Kulcsszavak: | Testnevelés tanítása, Egészséges életmód |
| Tárgyszavak: | |
| Online Access: | http://acta.bibl.u-szeged.hu/75413 |
| LEADER | 00980naa a2200229 i 4500 | ||
|---|---|---|---|
| 001 | acta75413 | ||
| 005 | 20220425142332.0 | ||
| 008 | 220425s2014 hu o 0|| hun d | ||
| 020 | |a 978-963-08-8379-5 | ||
| 022 | |a 2064-5821 | ||
| 040 | |a SZTE Egyetemi Kiadványok Repozitórium |b hun | ||
| 041 | |a hun | ||
| 100 | 1 | |a Horváth Gábor | |
| 245 | 1 | 0 | |a Testnevelő tanárok megítélése, társas támogatás és egészséges életmód |h [elektronikus dokumentum] / |c Horváth Gábor |
| 260 | |a Dél-alföldi Ifjúsági Életmód és Szabadidő Alapítvány |b Szeged |c 2014 | ||
| 300 | |a 23-39 | ||
| 490 | 0 | |a László Ferenc Sporttudományi Kutatóműhely |v 1 | |
| 490 | 0 | |a Tehetségek a sportban : sportszakmai tanulmány-, és szakcikk gyűjtemény |v 1 | |
| 650 | 4 | |a Orvos- és egészségtudomány | |
| 650 | 4 | |a Egészségtudományok | |
| 695 | |a Testnevelés tanítása, Egészséges életmód | ||
| 856 | 4 | 0 | |u http://acta.bibl.u-szeged.hu/75413/1/sporttudomany_001_023-039.pdf |z Dokumentum-elérés |